| 000 | 00950 a2200313 4500 | ||
|---|---|---|---|
| 005 | 20251210093907.0 | ||
| 008 | 251210b |||||||| |||| 00| 0 eng d | ||
| 022 | _a24570591 | ||
| 041 | _aEn | ||
| 044 | _aCIV | ||
| 090 | _bDG/A/1665 | ||
| 100 | _a ATSIN, Guy Joel Olivier | ||
| 100 | _a | ||
| 110 | _aCentre National de Recherche Agronomique | ||
| 110 | _bCote d'Ivoire | ||
| 242 | _a | ||
| 245 | _aEffet of mechanized weeding on plantain production in southeastern Cote d'Ivoire | ||
| 260 | _aJournal of Experimental Agriculture International | ||
| 260 | _bCNRA | ||
| 260 | _cNov 2025 | ||
| 302 | _a p.311-319 | ||
| 388 | _a2025-12-10 | ||
| 650 |
_2AGROVOC _gparametres agronomiques |
||
| 650 | _gPlantain | ||
| 650 | _g Desherbage | ||
| 650 | _gMecanisation | ||
| 650 | _gtemps de travail | ||
| 856 | _uhttps://ftech.byethost7.com/wp-content/uploads/2025/12/DGA1665-1.pdf | ||
| 999 |
_c5995 _d5995 |
||